000
00237nam a22000977a 4500
008
130410b xxu||||| |||| 00| 0 eng d
020
_c
Avalable
082
_a
005.8KAE
245
_a
Designing Network Security
_c
Kaeo, Merike
250
_a
2nd Ed
999
_c
23340
_d
23340